<?xml version="1.0" encoding="UTF-8"?>
<resp>
  <nextPage>https://data.bn.org.pl/api/networks/bibs.marcxml?marc=001+b00001150002569&amp;sinceId=1150002570</nextPage>
  <collection>
    <record xmlns='http://www.loc.gov/MARC21/slim'><leader>01056namZa2200337ZiZ4500</leader><controlfield tag='001'>b00001150002569</controlfield><controlfield tag='005'>20251018080247.8</controlfield><controlfield tag='008'>230609s        pl           |000 0 pol c</controlfield><controlfield tag='009'>9913262074305606</controlfield><datafield ind1=' ' ind2=' ' tag='020'><subfield code='a'>8372553599</subfield></datafield><datafield ind1=' ' ind2=' ' tag='035'><subfield code='a'>KR_1KR_1_20120317233504065285-48omnis_kr</subfield></datafield><datafield ind1=' ' ind2=' ' tag='035'><subfield code='a'>KR_1_20120317233504065285</subfield><subfield code='9'>ExL</subfield></datafield><datafield ind1=' ' ind2=' ' tag='035'><subfield code='a'>(PL)b00001150002569</subfield></datafield><datafield ind1=' ' ind2=' ' tag='040'><subfield code='a'>KR_1</subfield><subfield code='c'>KR_1</subfield></datafield><datafield ind1='1' ind2=' ' tag='041'><subfield code='a'>pol</subfield><subfield code='h'>eng</subfield></datafield><datafield ind1='1' ind2=' ' tag='100'><subfield code='a'>Resnick, Mike</subfield><subfield code='d'>(1942-2020)</subfield></datafield><datafield ind1='1' ind2='0' tag='245'><subfield code='a'>Powrót egzekutora /</subfield><subfield code='c'>Mike Resnick ; przeł. Katarzyna Rzepka, Jacek Matwiejczyk.</subfield></datafield><datafield ind1=' ' ind2=' ' tag='260'><subfield code='a'>Warszawa :</subfield><subfield code='b'>Prószyński i S-ka,</subfield><subfield code='c'>[2001].</subfield></datafield><datafield ind1=' ' ind2=' ' tag='300'><subfield code='a'>241 s. ;</subfield><subfield code='c'>21 cm.</subfield></datafield><datafield ind1='1' ind2=' ' tag='490'><subfield code='a'>Nowa Fantastyka</subfield></datafield><datafield ind1=' ' ind2=' ' tag='500'><subfield code='a'>p</subfield></datafield><datafield ind1=' ' ind2='9' tag='650'><subfield code='a'>Powieść amerykańska</subfield><subfield code='y'>20 w.</subfield></datafield><datafield ind1='1' ind2=' ' tag='700'><subfield code='a'>Rzepka, Katarzyna</subfield><subfield code='e'>Tł.</subfield></datafield><datafield ind1='1' ind2=' ' tag='700'><subfield code='a'>Matwiejczyk, Jacek</subfield><subfield code='e'>Tł.</subfield></datafield><datafield ind1=' ' ind2=' ' tag='852'><subfield code='b'>48OMNIS_NETWORK</subfield><subfield code='8'>9913262074305606</subfield></datafield><datafield ind1=' ' ind2=' ' tag='852'><subfield code='b'>48OMNIS_KR</subfield><subfield code='8'>991000025689708216</subfield></datafield><datafield ind1=' ' ind2=' ' tag='920'><subfield code='a'>83-7255-359-9</subfield></datafield></record>
  </collection>
</resp>
